[Event "Manresa op 31st"]
[Site "Manresa"]
[Date "2014.09.20"]
[Round "1"]
[White "Oliveres Puigdellivol, Pere"]
[Black "Argelaguer Benitez, Francesc"]
[Result "0-1"]
[WhiteElo "1941"]
[BlackElo "1734"]
[PlyCount "84"]
[EventDate "2014.09.20"]
[EventType "swiss"]
[EventRounds "8"]
[EventCountry "ESP"]
[SourceTitle "EXT 2016"]
[Source "ChessBase"]
[SourceDate "2015.10.08"]
[SourceVersion "1"]
[SourceVersionDate "2015.10.08"]
[SourceQuality "1"]

1. e4 c5 2. Nf3 d6 3. Nc3 Nc6 4. Be2 Nf6 5. d3 e5 6. h3 Be7 7. a3 a6 8. Bd2 Be6 9. Na2 Qb6 10. Qc1 Rc8 11. c4 Qd8 12. Rb1 b5 13. b3 Nd4 14. Bd1 0-0 15. Nc3 bxc4 16. bxc4 Rb8 17. Nxd4 cxd4 18. Nd5 Nxd5 19. exd5 Bf5 20. Bc2 Bg6 21. 0-0 h6 22. f4 Rxb1 23. Qxb1 f6 24. Qb7 a5 25. Qb5 Qb8 26. Rb1 Qxb5 27. Rxb5 a4 28. Bxa4 Bxd3 29. Bb3 Rc8 30. a4 Bxc4 31. Bxc4 Rxc4 32. a5 Ra4 33. Bb4 e4 34. Rb6 e3 35. a6 Ra1+ 36. Kh2 d3 37. Rb7 d2 38. Rb8+ Kh7 39. Bxd2 exd2 40. a7 d1Q 41. a8Q Rxa8 42. Rxa8 Qxd5 0-1